| 000 | 00801nam a2200181Ia 4500 | ||
|---|---|---|---|
| 008 | 100921s9999 xx 000 0 und d | ||
| 082 |
_b38103 _a796 न 01 |
||
| 100 | _aओक पुरूषोत्तम नागेश. | ||
| 245 | _aताजमहाल हा तेजोमहालय आहे. | ||
| 260 |
_bरविराज प्रकाशन, पुणे. _c2001 |
||
| 300 |
_a190 _bअक्षरधारा प्रदर्शन. |
||
| 365 | _b120 | ||
| 520 | _aकला-वास्तुशिल्पकला. | ||
| 630 | _aताजमहाल हा तेजोमहालय आहे. | ||
| 650 | _aकला-वास्तुशिल्पकला. | ||
| 730 | _aताजमहाल हा तेजोमहालय आहे. | ||
| 942 | _cBOOK | ||
| 999 |
_c787216 _d787213 |
||